| 000 | 00634nam a2200169 a 4500 | ||
|---|---|---|---|
| 008 | 120416s1979 ||||||||||||||||| || u | ||
| 050 | _aHD 58.7 Res | ||
| 100 | _aStaw, Barry M | ||
| 245 | 1 | 0 | _aResearch in organizational behaviour |
| 246 | _aan annual series of analytical essays and critical reviews | ||
| 260 |
_aGreenwich, Conn. _bJAI P _c1979 |
||
| 300 | _aviii, 478p. : ill | ||
| 350 | _a0.00 | ||
| 650 | 0 | _aMANAGEMENT | |
| 650 | 0 | _aORGANIZATIONAL BEHAVIOUR--RESEARCH | |
| 995 |
_D0.00 _FCBU-MAIN LIBRARY (Kitwe) _H1 _I0.00 _M1 _UAVAILABLE _ZAnnex Low-Usage Collection |
||
| 999 |
_c56309 _d56309 |
||